000 005340000a22001810004500
003 MACL
005 20160311133242.0
008 160311b xxu||||| |||| 00| 0 eng d
040 _aMACL
_cMACL
041 _aHindi
082 _a891.433
100 _aकमल शुक्‍ल
_919867
245 _aअरावली की गोद में
260 _bमौलिक साहित्‍य प्रकाशन
_c1987
_aदिल्‍ली
350 _a25
650 _aNovel
_944905
942 _cHIN
_k891.433
_2ddc
999 _c28924
_d28924